Marionnettes des Guignols de l'Info par images #1 - Statistiques

Statistiques générales
  • Ce quiz a été pris 15 719 fois
    15 644 depuis la dernière actualisation
  • Le résultat moyen est 15 sur 20
Statistiques - réponses
Par images Réponse % Correct
Johnny Hallyday
96%
Emmanuel Macron
95%
François Hollande
95%
Jacques Chirac
95%
Zlatan Ibrahimović
92%
Barack Obama
91%
Cyril Hanouna
90%
Jean-Marie Le Pen
88%
Manuel Valls
81%
Oussama ben Laden
80%
Gérard Depardieu
74%
Dominique Strauss-Kahn
69%
Patrick Poivre d'Arvor
67%
Roselyne Bachelot
63%
Bernard Tapie
60%
François Mitterrand
49%
François Bayrou
48%
Nadine Morano
47%
Sylvestre
47%
Edouard Balladur
33%
Aucun quiz correspondant
Distribution des résultats
% des personnes avec chaque résultat
Percentile par nombre de réponses
Votre historique - résultats
Vous n’avez pas pris ce quiz depuis la dernière actualisation